| 000 | 00000nam 2200000za 4500 |
| 001 | 9.657301 |
| 003 | CaOODSP |
| 005 | 20200328080052 |
| 007 | ta |
| 008 | 150407|1994||||xxc||||| f|0| 0 eng d |
| 020 | |a0-662-61386-4 |
| 040 | |aCaOODSP|beng |
| 041 | |aeng |
| 041 | |afre |
| 043 | |an-cn--- |
| 086 | 1 |aIP34-5/1994 |
| 110 | 1 |aCanada.|bPrivacy Commissioner of Canada. |
| 245 | 14|aThe Access to Information Act: 10 years on |
| 260 | |aOttawa - Ontario : |bPrivacy Commissioner |c1994. |
| 300 | |aEnglish text, 23p. ; |c28 cm. |
| 500 | |aContents: Canada's inheritance: the push and pull of parliamentary sovereignty.--The genesis of the Act: the competing visions.--The Commissioner's Office: the conscience of the system?--In court and out.--The early years of the Act: great expectations to virtual reality.--The Act in review. |
| 546 | |aBilingual |
| 563 | |aSoftcover |
| 590 | |a95-02|b1995-01-13 |
| 690 | 07|aAccess to information|2gcpds |
| 690 | 07|aLegislation|2gcpds |
| 792 | |tDix ans d'accès à l'information. Vers l'avenir |efre|w(CaOODSP)9.657302 |